000 02520nam a2200481 a 4500
999 _c80104
_d80104
003 BLK
005 20240623004011.0
008 180408b bul|||||r ||||||| ||bul||
010 _aKNG00084588000
020 _a978-954-491-407-3
040 _aBLK
041 _aBUL
_cBUL
080 _aБългарска литература
_b821.163.2
_x(091)(035)
_z821.163.2(091)(035)
080 _aБългарска литература
_b821.163.2
_x(092)
_z821.163.2(092)
080 _aБиографии
_b929
_x(497.2)
_z929(497.2)
100 1 _aЯнев, Симеон
_eпърви автор
_gСимеонов, Симеон Янакиев
_9363599
139 _aЯнев, Симеон Янакиев и др.
_bЯ 54
245 1 0 _aАтлас на българската литература
_bЧ. 1 -
_cСимеон Янев; съавт. Боряна Борисова; * Биляна Борисова Гаврилова; съавт. Стоян Петков; авт. на том Симеон Янев.
_nТ. 4. Ч. 1
_p1969-1979
257 _aBGR
260 _c2003 -
_9209682
_aПловдив
_bЖанет 45
_n978-619-186- ; 978-954-491-
300 _c30 см
380 _a82
500 _aПълното име на Биляна Борисова е Биляна Борисова Гаврилова.
650 4 _aБългарска литература - история
_9246271
650 0 _aПисатели, български - биографии
_9243085
650 4 _aПоети, български - биографии
_9277817
653 _aбългарска литература
653 _aбългарски писатели
653 _aбългарски поети
653 _aлитературоведи
700 1 _aБорисова, Боряна
_eсъавт.
_9372280
700 1 _aГаврилова, Биляна Борисова
_e*
_9277815
700 1 _aПетков, Стоян
_eсъавт.
_gМаринов, Стоян Петков
_9277816
700 1 _aЯнев, Симеон
_eавт. на том
_gСимеонов, Симеон Янакиев
_9363599
760 1 _aЯнев, Симеон
_dЖанет 45, 2008
_h334 с. : с табл.
_nБиблиогр. с. 329-332 ; Именен показалец, показалец на загл. без авт.
_tТ. 4. Ч. 1 1969-1979
852 _aЦб ІІ 12513
_bЦб
856 4 _qpdf
856 4 _qpdf
942 _cKNG
_n0
_02
_s1
944 _aCR
_c22.07.2008
_k
_lCRON CRON
944 _aED
_c10.02.2012
999 _d80104